Mare liberum, 1609-2009 / (Record no. 5861)
[ view plain ]
| 000 -LEADER | |
|---|---|
| fixed length control field | 01776cam a2200385 i 4500 |
| 001 - CONTROL NUMBER | |
| control field | ocn495436337 |
| 003 - CONTROL NUMBER IDENTIFIER | |
| control field | OCoLC |
| 005 - DATE AND TIME OF LATEST TRANSACTION | |
| control field | 20200831224147.0 |
| 008 - FIXED-LENGTH DATA ELEMENTS--GENERAL INFORMATION | |
| fixed length control field | 180730s2009 ne ah b 001 0 eng d |
| 010 ## - LIBRARY OF CONGRESS CONTROL NUMBER | |
| LC control number | 2018296824 |
| 020 ## - INTERNATIONAL STANDARD BOOK NUMBER | |
| International Standard Book Number | 9004177019 |
| 020 ## - INTERNATIONAL STANDARD BOOK NUMBER | |
| International Standard Book Number | 9789004177017 |
| 035 ## - SYSTEM CONTROL NUMBER | |
| System control number | (OCoLC)495436337 |
| 040 ## - CATALOGING SOURCE | |
| Original cataloging agency | YDXCP |
| Language of cataloging | eng |
| Description conventions | rda |
| Transcribing agency | TZ-ArACH |
| 042 ## - AUTHENTICATION CODE | |
| Authentication code | lccopycat |
| 049 ## - LOCAL HOLDINGS (OCLC) | |
| Holding library | TZAA |
| 050 00 - LIBRARY OF CONGRESS CALL NUMBER | |
| Classification number | KZA1348 |
| Item number | .G76 2009 |
| 100 1# - MAIN ENTRY--PERSONAL NAME | |
| Personal name | Grotius, Hugo, |
| Dates associated with a name | 1583-1645, |
| Relator term | author. |
| 245 10 - TITLE STATEMENT | |
| Title | Mare liberum, 1609-2009 / |
| Statement of responsibility, etc | Hugo Grotius ; edited and annotated by Robert Feenstra ; with a general introduction by Jeroen Vervliet. |
| 300 ## - PHYSICAL DESCRIPTION | |
| Extent | lxv, 178 pages : |
| Other physical details | illustrations (chiefly color), facsimiles ; |
| Dimensions | 27 cm |
| 500 ## - GENERAL NOTE | |
| General note | "Original Latin text (facsimile of the first edition, 1609) and modern English translation." |
| 504 ## - BIBLIOGRAPHY, ETC. NOTE | |
| Bibliography, etc | Includes bibliographical references and indexes. |
| 505 0# - FORMATTED CONTENTS NOTE | |
| Formatted contents note | General introduction / Jeroen Vervliet (p. ix-xxviii): 1. The political setting and origins of Mare liberum -- 2. Legal argument in Mare liberum -- 3. Aftermath, bilateral negotiations and a battle of books around Mare liberum -- Editor's introduction / Robert Feenstra (p. xxxi-lxiv) -- Edition of the Latin text and English translation on facing pages. |
| 600 10 - SUBJECT ADDED ENTRY--PERSONAL NAME | |
| Personal name | Grotius, Hugo, |
| Dates associated with a name | 1583-1645. |
| Title of a work | Mare liberum. |
| 630 07 - SUBJECT ADDED ENTRY--UNIFORM TITLE | |
| Uniform title | Mare liberum (Grotius, Hugo) |
| Source of heading or term | fast |
| 650 #0 - SUBJECT ADDED ENTRY--TOPICAL TERM | |
| Topical term or geographic name as entry element | Freedom of the seas. |
| 650 #0 - SUBJECT ADDED ENTRY--TOPICAL TERM | |
| Topical term or geographic name as entry element | Law of the sea. |
| 650 #7 - SUBJECT ADDED ENTRY--TOPICAL TERM | |
| Topical term or geographic name as entry element | Freedom of the seas. |
| Source of heading or term | fast |
| 650 #7 - SUBJECT ADDED ENTRY--TOPICAL TERM | |
| Topical term or geographic name as entry element | Law of the sea. |
| Source of heading or term | fast |
| 700 12 - ADDED ENTRY--PERSONAL NAME | |
| Personal name | Grotius, Hugo, |
| Dates associated with a name | 1583-1645. |
| Title of a work | Mare liberum. |
| 700 12 - ADDED ENTRY--PERSONAL NAME | |
| Personal name | Grotius, Hugo, |
| Dates associated with a name | 1583-1645. |
| Title of a work | Mare liberum. |
| Language of a work | English. |
| 700 1# - ADDED ENTRY--PERSONAL NAME | |
| Personal name | Feenstra, Robert, |
| Dates associated with a name | 1920-2013, |
| Relator term | editor. |
| 700 1# - ADDED ENTRY--PERSONAL NAME | |
| Personal name | Vervliet, Jeroen, |
| Relator term | writer of introduction. |
| 942 ## - ADDED ENTRY ELEMENTS (KOHA) | |
| Source of classification or shelving scheme | Library of Congress Classification |
| Koha item type | Books |
| Home library | Current library | Date acquired | Full call number | Barcode | Koha item type | Public note |
|---|---|---|---|---|---|---|
| African Court on Human and Peoples' Rights Library | African Court on Human and Peoples' Rights Library | 31/08/2020 | KZA1348 .G76 2009 | 1020315X | Books | Donation by the International Law Book Foundation (ILBF) |
